Parametre produkčnej funkcie ekonomiky
Produkčné funkcie predstavujú základné funkcie používané nielen v mikroekonomických ale najmä v makroekonomických modeloch. Dvojfaktorové produkčné funkcie, v ktorých vstupmi sú kapitál a práca. Modely vychádzajúce z mikroekonomických východísk, priamo alebo dekompozíciou rastu, zaujímavé pre každé...
Gespeichert in:
| 1. Verfasser: | |
|---|---|
| Format: | Buchkapitel |
| Sprache: | Slowakisch |
| Schlagworte: | |
| Tags: |
Keine Tags, Fügen Sie das erste Tag hinzu!
|
MARC
| LEADER | 00000nla a2200000 4500 | ||
|---|---|---|---|
| 001 | 0180523 | ||
| 005 | 20240502073058.5 | ||
| 041 | 0 | |a slo | |
| 044 | |a SK | ||
| 245 | 1 | 0 | |a Parametre produkčnej funkcie ekonomiky |c Martin Lukáčik |
| 520 | |a Produkčné funkcie predstavujú základné funkcie používané nielen v mikroekonomických ale najmä v makroekonomických modeloch. Dvojfaktorové produkčné funkcie, v ktorých vstupmi sú kapitál a práca. Modely vychádzajúce z mikroekonomických východísk, priamo alebo dekompozíciou rastu, zaujímavé pre každého analytika. | ||
| 610 | 2 | 0 | |a funkcie produkčné |
| 610 | 2 | 0 | |a funkcie produkčné ekonometrické |
| 610 | 2 | 0 | |a modely ekonomicko-matematické |
| 610 | 2 | 0 | |a analýzy |
| 610 | 2 | 0 | |a práca |
| 610 | 2 | 0 | |a kapitál |
| 100 | 1 | |a Lukáčik, Martin, 1974- | |